| 000 -LEADER |
| fixed length control field |
01392pab a2200181 454500 |
| 008 - FIXED-LENGTH DATA ELEMENTS--GENERAL INFORMATION |
| fixed length control field |
180718b1998 xxu||||| |||| 00| 0 eng d |
| 100 ## - MAIN ENTRY--PERSONAL NAME |
| Personal name |
Arora, Dolly |
| 245 ## - TITLE STATEMENT |
| Title |
'Governance' as agenda: The discursive shift |
| 260 ## - PUBLICATION, DISTRIBUTION, ETC. |
| Date of publication, distribution, etc. |
1998 |
| 300 ## - PHYSICAL DESCRIPTION |
| Extent |
p.385-397. |
| 362 ## - DATES OF PUBLICATION AND/OR SEQUENTIAL DESIGNATION |
| Dates of publication and/or sequential designation |
Jul-Sep |
| 520 ## - SUMMARY, ETC. |
| Summary, etc. |
In the context of `good governance' emerging as prime aid conditionality entailing radical interference with politico-economic processes in Third World countries, the author analytically brings to the fore several critical issues connected therewith having serious implications in terms of: insensitivity to diversity of needs and experiences; pre-emption of any participative-democratic process and treating aid-receivers as mere subjects (not sovereigns), telling them what they must or must not do; legitimising insensitivity to the legitimate aspirations and demands of the people, particularly those on the periphery; and fore-closing all options, possibilities, and even new understanding of things. The remedy, she emphasises, lies in revitalising political space and reorganising institutional space based on serious rethinking to promote greater sensitivity to the marginalised sections under the present dispensation. - Reproduced |
| 650 ## - SUBJECT ADDED ENTRY--TOPICAL TERM |
| Topical term or geographic name entry element |
Public administration |
| 650 ## - SUBJECT ADDED ENTRY--TOPICAL TERM |
| Topical term or geographic name entry element |
Good governance |
| 773 ## - HOST ITEM ENTRY |
| Main entry heading |
Indian Journal of Public Administration |
| 908 ## - PUT COMMAND PARAMETER (RLIN) |
| Put command parameter |
N |
| 909 ## - |
| -- |
39397 |